00520nam a2200145 i 450000100060000000300090000600500170001500700030003200800410003510000260007624501600010226000680026230000210033085200230035134475ES-MaACL20230906154936.0t|030207s1928 sp ||||1| spa d1 aBohigas Tarragó, P.10aDiputación Provincial de Barcelona, Instituto de Teatro Nacionalb: memoria relativa a la fundación y al curso de 1927-28 / cpor P. Bohigas Tarragó. aBarcelona : b[s.n., c1928] (fImp. Casa Provicial de Caridad) a48 p. ; c24 cm. aES-MaACLj1726-F-1